书目信息 |
| 题名: |
生物因素危害与控制
|
|
| 作者: | 何纳 主编 | |
| 分册: | ||
| 出版信息: | 北京 化学工业出版社 2006 |
|
| 页数: | 321页 | |
| 开本: | 21cm | |
| 丛书名: | 职业危害与防护技术丛书 | |
| 单 册: | ||
| 中图分类: | R136.4 | |
| 科图分类: | ||
| 主题词: | 职业病--致病生物因素--危害 , 职业病--致病生物因素--生物控制 , 职业病 , 致病生物因素 , 生物控制 | |
| 电子资源: | ||
| ISBN: | 7-5025-8220-7 | |
| 000 | 01096oam2 2200289 450 | |
| 001 | 1575593644 | |
| 005 | 20150129210016.78 | |
| 010 | @a7-5025-8220-7@dCNY28.00 | |
| 100 | @a20060425d2006 em y0chiy50 ea | |
| 101 | 0 | @achi |
| 102 | @aCN@b110000 | |
| 105 | @ay z 000yy | |
| 200 | 1 | @a生物因素危害与控制@9sheng wu yin su wei hai yu kong zhi@f何纳主编 |
| 210 | @a北京@c化学工业出版社@d2006 | |
| 215 | @a321页@d21cm | |
| 225 | 2 | @a职业危害与防护技术丛书 |
| 330 | @a本书主要介绍职业性生物性危害的特性、健康危害及其预防控制和诊断治疗。分别概述了职业性生物性危害的病原学、诊断与治疗、预防控制,并从生物高科技产业、医药卫生领域、动物相关的职业、植物相关的职业、突发性公共卫生事件应急处理以及其他职业领域中的生物性危害及其预防控制等方面进行了详细论述。 | |
| 461 | 0 | @12001 @a职业危害与防护技术丛书 |
| 606 | 0 | @a职业病@x致病生物因素@x危害 |
| 606 | 0 | @a职业病@x致病生物因素@x生物控制 |
| 606 | 0 | @a职业病 |
| 606 | 0 | @a致病生物因素 |
| 606 | 0 | @a生物控制 |
| 690 | @aR136.4@v5 | |
| 701 | 0 | @a何纳@9he na@f(1968.11~)@4主编 |
| 801 | 0 | @aCN@bTSSF@c20150129 |
| 905 | @aZUCC@dR136.4@eJY269 | |
| 生物因素危害与控制/何纳主编.-北京:化学工业出版社,2006 |
| 321页;21cm.-(职业危害与防护技术丛书) |
| ISBN 7-5025-8220-7:CNY28.00 |
| 本书主要介绍职业性生物性危害的特性、健康危害及其预防控制和诊断治疗。分别概述了职业性生物性危害的病原学、诊断与治疗、预防控制,并从生物高科技产业、医药卫生领域、动物相关的职业、植物相关的职业、突发性公共卫生事件应急处理以及其他职业领域中的生物性危害及其预防控制等方面进行了详细论述。 |
| ● |
| 相关链接 |
|
|
|
|
正题名:生物因素危害与控制
索取号:R136.4/JY269
 
预约/预借
| 序号 | 登录号 | 条形码 | 馆藏地/架位号 | 状态 | 备注 |
| 1 | 7863129 | 278631296 | 学院路分馆/ [索取号:R136.4/JY269] | 在馆 | |
| 2 | 7863130 | 278631303 | 学院路分馆/ [索取号:R136.4/JY269] | 在馆 |